| 000 | 00414nam a22001697a 4500 | ||
|---|---|---|---|
| 003 | SGT | ||
| 020 | _a978196276379 | ||
| 082 |
_a615 _bP23P |
||
| 100 | _aPATIL, RESHMA R | ||
| 245 | _aA PRACTICAL MANUAL OF INDUSTRIAL PHARMACY-1 | ||
| 250 | _a1ST | ||
| 260 |
_aINDIA _bINNOVATIVE PUB _c2023 |
||
| 300 | _a124 | ||
| 650 | _aPHARMACOLOGY | ||
| 653 | _aPRACTICAL MANUAL OF INDUSTRIAL PHARMACY- | ||
| 942 |
_2ddc _cBK |
||
| 999 |
_c33381 _d33381 |
||